000 01442nam a2200241Ia 4500
003 Ost
005 20260507074928.0
008 260507s9999||||xx |||||||||||||| ||und||
020 _a9789957243753
040 _cfsecg
041 _aara
082 _a336
100 _aالحاج ، طارق،
_eمؤلف
245 0 _aالمالية العامة /
_c طارق الحاج
260 _aعمان:
_bدار صفاء,
_c2009
300 _a224 صفحة؛
_bإيضاحات ؛
_c24 سم
504 _aمراجع ص.224
520 _aمدخل الى المالية العامة و تناول المالية العامة في الانظمة المختلفة مع التطرق الى الايرادات العامة و الايرادات من الضرائب و كذا الضرائب على الدخل و على رأس المال و على الأنفاق مع طرق تقدير المادة الخاضعة للضريبة و حساب الضريبة و التهرب من الضرائب و الاعفاءات الضريبية و الانعكاس الضريبي و آثار الضرائب و كذا تناول الايرادات من الرسوم و من القروض و النفقات العامة و الموازنة العامة و أخيرا السياسة المالية و السياسة النقدية.
653 _aالضرائب
653 _aالمالية العامة
653 _aالنفقات العامة
942 _cكتاب
999 _c41841
_d41841